Begging for change : (Record no. 50998)

MARC details
000 -LEADER
campo de control de longitud fija 00577nam a2200193 4500
001 - NÚMERO DE CONTROL
campo de control 17540
005 - FECHA Y HORA DE LA ÚLTIMA TRANSACCIÓN
campo de control 20230410120737.0
008 - DATOS DE LONGITUD FIJA--INFORMACIÓN GENERAL
campo de control de longitud fija 060907n2004 dr spa
020 ## - NÚMERO INTERNACIONAL ESTÁNDAR DEL LIBRO
Número Internacional Estándar del Libro 0060541717
035 ## - NÚMERO DE CONTROL DEL SISTEMA
-- funglode17676
041 ## - CÓDIGO DE IDIOMA
Código de lengua del texto/banda sonora o título independiente EN
050 14 - SIGNATURA TOPOGRÁFICA DE LA BIBLIOTECA DEL CONGRESO
Número de clasificación HV 41 E29b 2004
100 ## - ENTRADA PRINCIPAL--NOMBRE DE PERSONA
Nombre de persona Egger, Robert
245 1# - MENCIÓN DEL TÍTULO
Título Begging for change :
Resto del título how we can make charities responsive, efficient, and rewarding for all /
Mención de responsabilidad, etc. by Robert Egger with Howard Yoon.
260 ## - PUBLICACIÓN, DISTRIBUCIÓN, ETC.
Lugar de publicación, distribución, etc. New York :
Nombre del editor, distribuidor, etc. HarperBusiness,
Fecha de publicación, distribución, etc. 2004
300 ## - DESCRIPCIÓN FÍSICA
Extensión xxi, 216 p.
700 ## - ENTRADA AGREGADA--NOMBRE PERSONAL
Nombre de persona Yoon, Howard.
942 ## - ELEMENTOS DE ENTRADA SECUNDARIOS (KOHA)
Fuente del sistema de clasificación o colocación Clasificación de Library of Congress
Tipo de ítem Koha
Holdings
Estatus retirado Estado de pérdida Fuente del sistema de clasificación o colocación Estado de daño No para préstamo Colección Biblioteca de origen Biblioteca actual Ubicación en estantería Fecha de adquisición Serial enumeration / chronology Signatura topográfica completa Código de barras Visto por última vez Tipo de ítem Koha
    Clasificación de Library of Congress     Ciencias Sociales Biblioteca Juan Bosch Biblioteca Juan Bosch Ciencias Sociales (3er. Piso) 24/10/2018 1 HV 41 E29b 2004 00000015399 24/10/2018